CURRICULUM BANK KEY STAGE ONE SCOTTISH L (Record no. 16509)
[ view plain ]
| 000 -LEADER | |
|---|---|
| fixed length control field | 00350nam a2200133Ia 4500 |
| 008 - FIXED-LENGTH DATA ELEMENTS--GENERAL INFORMATION | |
| fixed length control field | 240624s9999 xx 000 0 und d |
| 041 ## - LANGUAGE CODE | |
| Language code of text/sound track or separate title | eng |
| 082 ## - DEWEY DECIMAL CLASSIFICATION NUMBER | |
| Classification number | 368 CRO |
| 100 ## - MAIN ENTRY--PERSONAL NAME | |
| Personal name | CROMPTON ROB |
| 245 ## - TITLE STATEMENT | |
| Title | CURRICULUM BANK KEY STAGE ONE SCOTTISH L |
| 260 ## - PUBLICATION, DISTRIBUTION, ETC. | |
| Date of publication, distribution, etc. | 1998 |
| Place of publication, distribution, etc. | Warwickshire |
| Name of publisher, distributor, etc. | Scholastic Ltd. |
| 300 ## - PHYSICAL DESCRIPTION | |
| Extent | 144 : p. : cm. ; 29 |
| 365 ## - TRADE PRICE | |
| Currency code | BPS |
| Price amount | 30 |
| Withdrawn status | Lost status | Damaged status | Not for loan | Home library | Current library | Shelving location | Date acquired | Source of acquisition | Cost, normal purchase price | Full call number | Barcode | Date last seen | Copy number | Price effective from | Koha item type |
|---|---|---|---|---|---|---|---|---|---|---|---|---|---|---|---|
| IMTN | IMTN | Rack 16-A | 01/05/2011 | BB | 13.99 | 368 CRO | 16509 | 06/24/2024 | 75.9 | 06/24/2024 | Books |